المناسبات الإسلامية / (رقم التسجيلة. 120052)
[ عرض عادي ]
| 000 -الفاتح | |
|---|---|
| عناصر البيانات ثابتة الطول | 00718cam a2200205 i 4500 |
| 005 - تاريخ ووقت آخر معاملة | |
| حقل ضبط | 20251221122936.0 |
| 008 - عناصر البيانات ثابتة الطول | |
| عناصر البيانات ثابتة الطول | 250721s2006 ua gr 000 0 ara d |
| 020 ## - الترقيم الدولي المعياري للكتب (ردمك) | |
| الترقيم الدولي المعياري للكتب (ردمك) | 9772533855 |
| 082 14 - رقم تصنيف ديوي العشري | |
| رقم التصنيف | 218.3 |
| رقم المادة | ي ن ا |
| 100 1# - مدخل رئيسي – اسم شخصي | |
| الاسم الشخصي | جمعه، عبد العزيز |
| علاقة الشخص بالعمل/ دوره | مؤلف. |
| 245 12 - بيان العنوان | |
| العنوان | المناسبات الإسلامية / |
| بيان المسؤولية | جمعة أمين عبد العزيز. |
| 250 ## - بيان الطبعة | |
| بيان الطبعة | الطبعة الأولى. |
| 264 31 - بيانات النشر، التوزيع…إلخ | |
| مكان النشر، التوزيع...إلخ | القاهرة : |
| اسم الناشر، الموزع...إلخ | دار الدعوة للطبع، |
| تاريخ النشر، التوزيع...إلخ | 2006. |
| 300 ## - الوصف المادي | |
| عدد الوحدات المكونة للوعاء | 256 صفحة. |
| 490 0# - بيان السلسلة | |
| عنوان السلسلة | سلسلة من تراث الإمام البنا ؛ |
| رقم الوعاء في السلسلة | رقم 6. |
| 650 17 - مدخل إضافي بالموضوع - مصطلح موضوعي | |
| مصطلح موضوعي أو اسم جغرافي كعنصر مدخل | الأعياد الدينية. |
| 653 ## - رأس موضوع – غير مقيد | |
| المصطلح / رأس الموضوع غير المقيد | المناسبات |
| 942 ## - بيانات إضافية (كوها) | |
| نوع التنصيف | Dewey Decimal Classification |
| نوع المادة (كوها) | كتب |
| حالة السحب | حالة الفقدان | مصدر التصنيف | حالة التلف | غير قابل للإعارة | المكتبة الرئيسية | المكتبة الحالية | موقع الرف | تاريخ التزويد | الرقم المتسلسل | Total Checkouts | رقم الإستدعاء | الباركود | تاريخ آخر ظهور | تاريخ الفاتورة | نوع المادة (كوها) |
|---|---|---|---|---|---|---|---|---|---|---|---|---|---|---|---|
| Dewey Decimal Classification | المكتبة المركزية | المكتبة المركزية | الإعارة | 28/07/2025 | 1376854 | 218.3 / ي ن ا | PLD00145550 | 28/07/2025 | 28/07/2025 | كتب | |||||
| Dewey Decimal Classification | مكتبة ومركز فرح | مكتبة ومركز فرح | الإعارة | 28/04/2010 | 1376855 | 218.3/ينا | PLD00146047 | 28/07/2025 | 28/04/2010 | كتب |